[Event "DVM U20 2014"]
[Site "Naumburg (Saale) GER"]
[Date "2014.12.27"]
[Round "2"]
[White "Keller, Peter"]
[Black "Martin, Julian"]
[Result "0-1"]
[Termination "normal"]
[Board "5.1"]
[WhiteElo "2057"]
[BlackElo "2132"]
[WhiteTeam "Frankfurter TV 1860"]
[BlackTeam "OSG Baden-Baden"]
[PlyCount "78"]
[WhiteFideId "1272105"]
[BlackFideId "12941000"]
[EventCountry "GER"]
[EventRounds "7"]
[EventType "team-swiss"]
[EventDate "2014.12.26"]

1. e4 c5 2. Nf3 Nc6 3. d4 cxd4 4. Nxd4 e5 5. Nb5 d6 6. N1c3 a6 7. Na3 b5 8. Nd5
Nge7 9. c4 Nxd5 10. exd5 Nd4 11. cxb5 Be7 12. Be3 Nf5 13. Nc4 Nxe3 14. Nxe3 O-O
15. bxa6 f5 16. b4 f4 17. Nc2 e4 18. a4 e3 19. Be2 exf2+ 20. Kf1 Bf6 21. Ra3
Bxa6 22. b5 Bb7 23. Bg4 Qb6 24. Qe2 Bxd5 25. Qxf2 Qc7 26. Bf3 Bxf3 27. gxf3
Rfc8 28. Ne1 Re8 29. Qa2+ Kh8 30. Nd3 Re3 31. Kg2 Rae8 32. Nf2 Re2 33. Qd5
Rxf2+ 34. Kxf2 Qc2+ 35. Kf1 Qc1+ 36. Kg2 Qxa3 37. Re1 Rg8 38. Re2 Qxa4 39. Ra2
Qd4 0-1

[Event "DVM U20 2014"]
[Site "Naumburg (Saale) GER"]
[Date "2014.12.27"]
[Round "2"]
[White "Tiemann, Tobias"]
[Black "Diyap, Murat"]
[Result "1/2-1/2"]
[Termination "normal"]
[Board "5.2"]
[WhiteElo "1991"]
[BlackElo "1981"]
[WhiteTeam "OSG Baden-Baden"]
[BlackTeam "Frankfurter TV 1860"]
[PlyCount "93"]
[WhiteFideId "4642350"]
[BlackFideId "1272104"]
[EventCountry "GER"]
[EventRounds "7"]
[EventType "team-swiss"]
[EventDate "2014.12.26"]

1. d4 d5 2. Nf3 Nf6 3. Bf4 e6 4. c4 c6 5. e3 Nbd7 6. h3 Be7 7. Nc3 O-O 8. Qc2
b6 9. Bd3 Bb7 10. O-O Rc8 11. Rfd1 h6 12. Rac1 dxc4 13. Bxc4 b5 14. Be2 b4 15.
Na4 c5 16. Nxc5 Nxc5 17. dxc5 Qa5 18. Qb3 Rxc5 19. Rxc5 Qxc5 20. Ne5 a5 21. Qc4
Rc8 22. Qxc5 Rxc5 23. Bc4 Nd5 24. b3 Rc8 25. Bg3 Nb6 26. Bd3 Bd5 27. e4 Bb7 28.
f3 a4 29. Bf2 Bc5 30. Nc4 Nxc4 31. Bxc4 Bxf2+ 32. Kxf2 axb3 33. axb3 Bc6 34.
Ke3 Kf8 35. Rd6 Ke7 36. e5 Bd5 37. Bxd5 Rc3+ 38. Kf4 exd5 39. Rxd5 Rxb3 40. Rb5
g6 41. g4 Rb1 42. h4 Kf8 43. Rb8+ Ke7 44. Rb7+ Ke6 45. Rb6+ Kd5 46. Rf6 Rc1 47.
Rxf7 1/2-1/2

[Event "DVM U20 2014"]
[Site "Naumburg (Saale) GER"]
[Date "2014.12.27"]
[Round "2"]
[White "Medvedovski, Michael"]
[Black "Steimbach, Isabel"]
[Result "0-1"]
[Termination "normal"]
[Board "5.3"]
[WhiteElo "1957"]
[BlackElo "1877"]
[WhiteTeam "Frankfurter TV 1860"]
[BlackTeam "OSG Baden-Baden"]
[PlyCount "86"]
[WhiteFideId "24600830"]
[BlackFideId "24692174"]
[EventCountry "GER"]
[EventRounds "7"]
[EventType "team-swiss"]
[EventDate "2014.12.26"]

1. e4 c5 2. Nf3 d6 3. d4 cxd4 4. Nxd4 Nf6 5. Nc3 a6 6. Be2 e5 7. Nb3 Be6 8. f4
exf4 9. Bxf4 Nc6 10. O-O Be7 11. Kh1 O-O 12. Qd3 Ne5 13. Qg3 Ng6 14. Be3 b5 15.
Nd4 Rc8 16. Bf3 Bc4 17. Rfd1 Qc7 18. Nf5 Rfd8 19. Bd4 Ne8 20. h4 Ne5 21. Rd2
Be6 22. Re1 Bf6 23. Nd5 Bxd5 24. exd5 Qd7 25. Bg4 Kh8 26. Bh3 Qb7 27. Bc3 b4
28. Bxe5 Bxe5 29. Qb3 Rc5 30. a3 Rb5 31. a4 Rc5 32. Re4 a5 33. Ne3 Nf6 34. Rc4
Rxc4 35. Nxc4 Qc7 36. Bf5 g6 37. Bh3 Ne4 38. Rd3 Nf2+ 39. Kg1 Nxd3 40. Qxd3
Qc5+ 41. Kf1 Re8 42. Bd7 Re7 43. Bb5 Bh2 0-1

[Event "DVM U20 2014"]
[Site "Naumburg (Saale) GER"]
[Date "2014.12.27"]
[Round "2"]
[White "Toptschiev, David"]
[Black "Pham-Tran, Phuong-Bao"]
[Result "0-1"]
[Termination "normal"]
[Board "5.4"]
[WhiteElo "1838"]
[BlackElo "1788"]
[WhiteTeam "OSG Baden-Baden"]
[BlackTeam "Frankfurter TV 1860"]
[PlyCount "78"]
[WhiteFideId "12968005"]
[BlackFideId "12939196"]
[EventCountry "GER"]
[EventRounds "7"]
[EventType "team-swiss"]
[EventDate "2014.12.26"]

1. c4 c6 2. g3 d5 3. cxd5 cxd5 4. d4 Nf6 5. Bg2 Nc6 6. Nc3 Bf5 7. Nf3 e6 8. a3
h6 9. O-O a6 10. Bf4 Nh5 11. Be3 Bd6 12. Rc1 Nf6 13. Qd2 Na5 14. Qd1 Nc4 15.
Qb3 b5 16. Nd2 O-O 17. Nxc4 bxc4 18. Qd1 Rb8 19. Qd2 Qd7 20. h3 Rb3 21. g4 Bh7
22. g5 hxg5 23. Bxg5 Rfb8 24. Bxf6 gxf6 25. Nd1 Qc7 26. Qh6 Bf4 27. Qxf6 Bxc1
28. Ne3 Bxe3 29. fxe3 Re8 30. Rf4 Qe7 31. Qh6 f5 32. Rf3 Qg7 33. Qh4 Kh8 34.
Rg3 Qf7 35. Rg5 Rxb2 36. Qf4 Qf6 37. Rh5 Rg8 38. h4 Rxe2 39. Kf1 Rexg2 0-1

[Event "DVM U20 2014"]
[Site "Naumburg (Saale) GER"]
[Date "2014.12.27"]
[Round "2"]
[White "Abrahamyan, Arsen"]
[Black "Weis, Olga"]
[Result "1-0"]
[Termination "normal"]
[Board "5.5"]
[WhiteElo "1759"]
[BlackElo "1790"]
[WhiteTeam "Frankfurter TV 1860"]
[BlackTeam "OSG Baden-Baden"]
[PlyCount "101"]
[WhiteFideId "1271755"]
[BlackFideId "1270234"]
[EventCountry "GER"]
[EventRounds "7"]
[EventType "team-swiss"]
[EventDate "2014.12.26"]

1. e4 c5 2. Nc3 e6 3. f4 a6 4. Nf3 Qc7 5. d3 d6 6. Be2 Nf6 7. O-O Nbd7 8. h3
Be7 9. Qe1 O-O 10. Nh4 b5 11. g4 c4 12. Be3 Bb7 13. f5 d5 14. g5 Ne8 15. Bg4
Qc6 16. exd5 exd5 17. Nxd5 Qxd5 18. Bf3 Qe5 19. Bxb7 Rb8 20. d4 Qc7 21. Bg2 Bd6
22. c3 a5 23. Qd2 b4 24. Kh1 Bg3 25. Bf4 Bxf4 26. Qxf4 Qxf4 27. Rxf4 Nd6 28.
Bc6 Nb6 29. Re1 Rbc8 30. d5 Rcd8 31. f6 g6 32. Kg2 Ndc8 33. Rd4 Na7 34. Nf3 Rd6
35. Ne5 Nxc6 36. Nxc6 h6 37. h4 Kh7 38. Red1 Nxd5 39. Rxd5 Rxc6 40. Rxa5 bxc3
41. bxc3 Rc7 42. a4 Rb7 43. Rb5 Ra7 44. a5 Rfa8 45. Ra1 hxg5 46. hxg5 Kg8 47.
Kf3 Kf8 48. Ke4 Rd7 49. Rd5 Rc7 50. Kd4 Ke8 51. Rh1 1-0

[Event "DVM U20 2014"]
[Site "Naumburg (Saale) GER"]
[Date "2014.12.27"]
[Round "2"]
[White "Jurga, Jonas Vincent"]
[Black "Bender, Dirk"]
[Result "0-1"]
[Termination "normal"]
[Board "5.6"]
[WhiteElo "1720"]
[BlackElo "1582"]
[WhiteTeam "OSG Baden-Baden"]
[BlackTeam "Frankfurter TV 1860"]
[PlyCount "160"]
[WhiteFideId "12968013"]
[BlackFideId "12940321"]
[EventCountry "GER"]
[EventRounds "7"]
[EventType "team-swiss"]
[EventDate "2014.12.26"]

1. e4 e5 2. Nf3 Nc6 3. Bb5 a6 4. Ba4 Nf6 5. O-O b5 6. Bb3 Bc5 7. Nxe5 Nxe5 8.
d4 Bxd4 9. Qxd4 Nc6 10. Qe3 O-O 11. a4 b4 12. Bd2 Re8 13. f3 a5 14. c3 Ba6 15.
Rd1 Qb8 16. Be1 d6 17. Bh4 Nd7 18. Bd5 Bb7 19. Kh1 Nb6 20. Bxc6 Bxc6 21. cxb4
axb4 22. b3 Nd7 23. Ra2 Nc5 24. Qc1 Bb5 25. Qc2 Ba6 26. Bf2 Nd7 27. Bd4 Ne5 28.
Bxe5 Rxe5 29. Qd2 Qb6 30. Rc2 Rae8 31. Qc1 c5 32. Rcd2 R5e6 33. Qb2 f5 34. h3
fxe4 35. fxe4 Rxe4 36. Rg1 Qc6 37. Rf2 Re2 38. Rxe2 Rxe2 39. Qc1 Qd5 40. Qf4
Qe5 41. Qf3 Qe8 42. Rf1 Re3 43. Qd5+ Kh8 44. Rf2 Re1+ 45. Kh2 Rxb1 46. Qxd6 Rf1
47. Qxc5 Rxf2 48. Qxf2 Qb8+ 49. Kh1 h6 50. Qc5 Bd3 51. Qd5 Bh7 52. a5 Qe8 53.
a6 Qe1+ 54. Kh2 Be4 55. Qc5 Qe2 56. Qc8+ Kh7 57. Qg4 Qxg4 58. hxg4 Kg6 59. Kg3
Kg5 60. a7 g6 61. Kf2 Kxg4 62. Ke3 Bxg2 63. Kd4 h5 64. Kc4 h4 65. Kxb4 h3 66.
Ka5 h2 67. b4 h1=Q 68. b5 Qa1+ 69. Kb6 Bf1 70. a8=Q Qxa8 71. Kc5 Bxb5 72. Kxb5
Qc8 73. Kb4 Kf4 74. Kb3 Ke3 75. Kb4 Kd4 76. Kb3 Qc4+ 77. Kb2 Kd3 78. Ka3 Qb5
79. Ka2 Kc2 80. Ka1 Qb2# 0-1

[Event "DVM U20 2014"]
[Site "Naumburg (Saale) GER"]
[Date "2014.12.27"]
[Round "2"]
[White "Zuferi, Enis"]
[Black "Preiß, Vincent"]
[Result "1-0"]
[Termination "normal"]
[Board "6.1"]
[WhiteElo "2126"]
[BlackElo "1844"]
[WhiteTeam "Heilbronner SV"]
[BlackTeam "SVG Saarbrücken"]
[PlyCount "53"]
[WhiteFideId "24692530"]
[BlackFideId "24660850"]
[EventCountry "GER"]
[EventRounds "7"]
[EventType "team-swiss"]
[EventDate "2014.12.26"]

1. d4 d5 2. c4 c6 3. Nf3 Nf6 4. Nc3 e6 5. Bg5 dxc4 6. e4 b5 7. e5 h6 8. Bh4 g5
9. Bg3 Nd5 10. Be2 Bb4 11. Rc1 Nd7 12. O-O Bb7 13. Nd2 Qb6 14. Nde4 Be7 15. b3
cxb3 16. axb3 a6 17. Bh5 c5 18. dxc5 Nxc5 19. Nxc5 Bxc5 20. Ne4 Ba3 21. Qg4
Bxc1 22. Nd6+ Ke7 23. Bxf7 Nc7 24. Rxc1 Bd5 25. Qh5 Bxb3 26. Qg6 Ne8 27. Bxe8
1-0

[Event "DVM U20 2014"]
[Site "Naumburg (Saale) GER"]
[Date "2014.12.27"]
[Round "2"]
[White "Lü, Youheng"]
[Black "Peng, Xiang-Tobias"]
[Result "0-1"]
[Termination "normal"]
[Board "6.2"]
[WhiteElo "1628"]
[BlackElo "1987"]
[WhiteTeam "SVG Saarbrücken"]
[BlackTeam "Heilbronner SV"]
[PlyCount "54"]
[WhiteFideId "16200403"]
[BlackFideId "12964328"]
[EventCountry "GER"]
[EventRounds "7"]
[EventType "team-swiss"]
[EventDate "2014.12.26"]

1. e4 e5 2. Nf3 Nc6 3. Bc4 Bc5 4. c3 Nf6 5. d4 exd4 6. cxd4 Bb4+ 7. Nc3 Nxe4 8.
O-O Bxc3 9. bxc3 d5 10. Re1 O-O 11. Bd3 Bf5 12. Qc2 Re8 13. Bf4 g6 14. Re3 Qf6
15. Bxc7 Rac8 16. Be5 Nxe5 17. dxe5 Qe7 18. Qb3 Nc5 19. Qc2 Nxd3 20. Rxd3 Qc5
21. Rc1 Qc4 22. Rcd1 b5 23. Qe2 Bxd3 24. Rxd3 a5 25. Qd2 b4 26. h3 bxc3 27. Qc2
Qxd3 0-1

[Event "DVM U20 2014"]
[Site "Naumburg (Saale) GER"]
[Date "2014.12.27"]
[Round "2"]
[White "Wenninger, Patrick"]
[Black "Mohit-Rodriguez, Dario"]
[Result "1-0"]
[Termination "normal"]
[Board "6.3"]
[WhiteElo "1725"]
[BlackElo "1414"]
[WhiteTeam "Heilbronner SV"]
[BlackTeam "SVG Saarbrücken"]
[PlyCount "55"]
[WhiteFideId "12927880"]
[BlackFideId "36016047"]
[EventCountry "GER"]
[EventRounds "7"]
[EventType "team-swiss"]
[EventDate "2014.12.26"]

1. d4 Nf6 2. c4 g6 3. Nc3 d5 4. cxd5 Nxd5 5. e4 Nxc3 6. bxc3 Bg7 7. Bc4 c5 8.
Ne2 O-O 9. O-O Qa5 10. Be3 Nc6 11. Rb1 cxd4 12. cxd4 a6 13. Qb3 b5 14. Bd5 Bd7
15. Rfc1 Rac8 16. e5 e6 17. Bf3 Qd8 18. Qa3 Qa5 19. Qd6 Rfd8 20. Bxc6 Bxc6 21.
Qe7 Re8 22. Rxc6 Qxa2 23. Rbc1 Rcd8 24. Nc3 Qa5 25. Qb7 Rb8 26. Qxa6 Qxa6 27.
Rxa6 b4 28. Ne4 1-0

[Event "DVM U20 2014"]
[Site "Naumburg (Saale) GER"]
[Date "2014.12.27"]
[Round "2"]
[White "Chabakji, Hussein"]
[Black "Biefel, Christian"]
[Result "0-1"]
[Termination "normal"]
[Board "6.4"]
[WhiteElo "1602"]
[BlackElo "1765"]
[WhiteTeam "SVG Saarbrücken"]
[BlackTeam "Heilbronner SV"]
[PlyCount "94"]
[WhiteFideId "16200411"]
[BlackFideId "24692646"]
[EventCountry "GER"]
[EventRounds "7"]
[EventType "team-swiss"]
[EventDate "2014.12.26"]

1. e4 c6 2. d4 d5 3. e5 Bf5 4. Nf3 e6 5. Be2 Nd7 6. O-O Ne7 7. c4 Bxb1 8. Rxb1
dxc4 9. Bxc4 Nd5 10. Bd2 N7b6 11. Bd3 Be7 12. b4 h6 13. b5 c5 14. dxc5 Bxc5 15.
Qb3 O-O 16. Rbc1 Rc8 17. Rc2 Nd7 18. Rfc1 b6 19. Be4 Ne7 20. Rd1 Qc7 21. Bf4
Rfd8 22. Rcd2 Nf8 23. h4 Nfg6 24. Bh2 Rxd2 25. Rxd2 Rd8 26. Qd1 Rxd2 27. Qxd2
Ba3 28. h5 Nf8 29. Nd4 Bb4 30. Qc2 Bc5 31. Nc6 Nxc6 32. bxc6 a6 33. Qd3 g6 34.
Qxa6 f5 35. Qb7 Qd8 36. Bf3 Qd2 37. Bg3 f4 38. hxg6 Qe1+ 39. Kh2 fxg3+ 40. Kh3
Qh1+ 41. Kxg3 Nxg6 42. Qc8+ Kf7 43. Qd7+ Be7 44. Qd4 Bh4+ 45. Kg4 h5+ 46. Kxh5
Be7+ 47. Kg4 Qh4# 0-1

[Event "DVM U20 2014"]
[Site "Naumburg (Saale) GER"]
[Date "2014.12.27"]
[Round "2"]
[White "Mikeler, Marcel"]
[Black "Schäfer, Nicolas"]
[Result "1-0"]
[Termination "normal"]
[Board "6.5"]
[WhiteElo "1751"]
[BlackElo "1497"]
[WhiteTeam "Heilbronner SV"]
[BlackTeam "SVG Saarbrücken"]
[PlyCount "55"]
[WhiteFideId "12927856"]
[BlackFideId "12988901"]
[EventCountry "GER"]
[EventRounds "7"]
[EventType "team-swiss"]
[EventDate "2014.12.26"]

1. d4 c5 2. d5 e6 3. e4 Nf6 4. Nc3 d6 5. Nge2 Be7 6. Ng3 O-O 7. Be2 Re8 8. O-O
a6 9. a4 Nbd7 10. Be3 exd5 11. Nxd5 Nxd5 12. exd5 b6 13. Qd2 Bb7 14. c4 Ne5 15.
f4 Nd7 16. Bd3 Bf6 17. Rae1 Rxe3 18. Rxe3 Bd4 19. Nf5 Bxe3+ 20. Qxe3 Qf6 21.
Re1 g6 22. Ne7+ Kg7 23. Qg3 Kf8 24. Qh3 Qd4+ 25. Kh1 Nf6 26. Qh6+ Ke8 27. Nf5+
Kd7 28. Re7+ 1-0

[Event "DVM U20 2014"]
[Site "Naumburg (Saale) GER"]
[Date "2014.12.27"]
[Round "2"]
[White "Reim, Ulrich"]
[Black "Ignatov, Dmitriy"]
[Result "0-1"]
[Termination "normal"]
[Board "6.6"]
[WhiteElo "1073"]
[BlackElo "1754"]
[WhiteTeam "SVG Saarbrücken"]
[BlackTeam "Heilbronner SV"]
[PlyCount "74"]
[WhiteFideId "16200438"]
[BlackFideId "12927872"]
[EventCountry "GER"]
[EventRounds "7"]
[EventType "team-swiss"]
[EventDate "2014.12.26"]

1. e4 c6 2. Nc3 d5 3. d4 dxe4 4. Nxe4 Bf5 5. f3 Nf6 6. Nxf6+ gxf6 7. Bd3 Bg6 8.
Bf4 Qxd4 9. Bxg6 Qxd1+ 10. Rxd1 hxg6 11. Ne2 e5 12. Bg3 Bc5 13. f4 Nd7 14. Nc3
Bb4 15. O-O Bxc3 16. bxc3 Rd8 17. Rde1 O-O 18. fxe5 fxe5 19. Bxe5 Nxe5 20. Rxe5
Rfe8 21. Rxe8+ Rxe8 22. Rb1 b6 23. Kf2 Re5 24. a4 Ra5 25. Ra1 b5 26. Ke3 bxa4
27. Kd4 Kf8 28. c4 Ke7 29. Kc3 Kd6 30. Kb4 Ra6 31. Rxa4 Rxa4+ 32. Kxa4 Kc5 33.
Kb3 f5 34. h4 f4 35. Kc3 a5 36. Kb3 Kd4 37. c3+ Ke3 0-1

[Event "DVM U20 2014"]
[Site "Naumburg (Saale) GER"]
[Date "2014.12.27"]
[Round "2"]
[White "Kühne, Niklas"]
[Black "Linnemann, Niklas"]
[Result "1/2-1/2"]
[Termination "normal"]
[Board "7.1"]
[WhiteElo "1778"]
[BlackElo "2010"]
[WhiteTeam "Meuselwitzer SV"]
[BlackTeam "TuS Coswig"]
[PlyCount "103"]
[WhiteFideId "24690015"]
[BlackFideId "24695645"]
[EventCountry "GER"]
[EventRounds "7"]
[EventType "team-swiss"]
[EventDate "2014.12.26"]

1. c4 Nf6 2. Nc3 d5 3. d4 g6 4. g3 Bg7 5. Bg2 dxc4 6. Qa4+ c6 7. Qxc4 O-O 8.
Nf3 Nbd7 9. O-O Nb6 10. Qd3 Nfd5 11. e4 Nb4 12. Qd1 Bg4 13. a3 Na6 14. Ne2 c5
15. d5 f5 16. exf5 Rxf5 17. Nf4 Qd6 18. h3 Bxf3 19. Bxf3 Nc7 20. Qc2 Nbxd5 21.
Rd1 Bd4 22. Be4 Rf7 23. Qb3 Rd8 24. Be3 Qe5 25. Nxd5 Nxd5 26. Bxd4 cxd4 27. Re1
Qd6 28. Qxb7 e6 29. Qb3 Rb8 30. Qd3 Nf6 31. b4 Rc8 32. Rac1 Rfc7 33. Rxc7 Rxc7
34. Bxg6 Rc3 35. Qb1 d3 36. Qb2 d2 37. Bxh7+ Nxh7 38. Qxc3 dxe1=Q+ 39. Qxe1 Ng5
40. Qe3 Qd1+ 41. Kg2 Qd5+ 42. f3 a6 43. h4 Nf7 44. g4 Kg7 45. Qc3+ e5 46. Qe3
Qe6 47. Kg3 Qf6 48. a4 Qc6 49. Qb3 Nd6 50. Qe3 Nf7 51. a5 Qc4 52. Qb6 1/2-1/2

[Event "DVM U20 2014"]
[Site "Naumburg (Saale) GER"]
[Date "2014.12.27"]
[Round "2"]
[White "Kieslich, Aaron"]
[Black "Naundorf, Johannes"]
[Result "1-0"]
[Termination "normal"]
[Board "7.2"]
[WhiteElo "2013"]
[BlackElo "1802"]
[WhiteTeam "TuS Coswig"]
[BlackTeam "Meuselwitzer SV"]
[PlyCount "59"]
[WhiteFideId "1270391"]
[BlackFideId "12950009"]
[EventCountry "GER"]
[EventRounds "7"]
[EventType "team-swiss"]
[EventDate "2014.12.26"]

1. d4 c5 2. d5 Nf6 3. c4 g6 4. Nc3 d6 5. e4 Bg7 6. f3 O-O 7. Be3 e6 8. Nge2
exd5 9. cxd5 Na6 10. Ng3 Nc7 11. a4 b6 12. Be2 Bd7 13. O-O a6 14. Qd2 b5 15. e5
dxe5 16. Bxc5 Re8 17. Nge4 bxa4 18. Nxf6+ Bxf6 19. Ne4 Bg7 20. Rfc1 Nb5 21.
Bxb5 axb5 22. Nd6 Rf8 23. Nb7 Qb8 24. Bxf8 Bxf8 25. Nc5 Qb6 26. Qf2 Bf5 27. Ne4
Qb7 28. Rc6 Rd8 29. Nf6+ Kg7 30. Qh4 1-0

[Event "DVM U20 2014"]
[Site "Naumburg (Saale) GER"]
[Date "2014.12.27"]
[Round "2"]
[White "Blumenthal, Clemens"]
[Black "von Koslowski, Utz"]
[Result "0-1"]
[Termination "normal"]
[Board "7.3"]
[WhiteElo "1573"]
[BlackElo "1892"]
[WhiteTeam "Meuselwitzer SV"]
[BlackTeam "TuS Coswig"]
[PlyCount "104"]
[WhiteFideId "12938050"]
[BlackFideId "12964247"]
[EventCountry "GER"]
[EventRounds "7"]
[EventType "team-swiss"]
[EventDate "2014.12.26"]

1. e4 c5 2. Nf3 e6 3. d4 cxd4 4. Nxd4 a6 5. Be2 Qc7 6. O-O Nf6 7. Qd3 Nc6 8.
Nxc6 bxc6 9. Be3 Bb7 10. Nd2 d5 11. c4 Rd8 12. exd5 cxd5 13. Rac1 d4 14. Bg5
Be7 15. f4 O-O 16. Bf3 Rd7 17. Bxb7 Qxb7 18. Rc2 Rc8 19. Nf3 Rcd8 20. Ne5 Rc7
21. Re1 Qb6 22. Bh4 Qa5 23. Ra1 Qc5 24. Bf2 Nd5 25. Qxd4 Qxd4 26. Bxd4 Nb4 27.
Bb6 Nxc2 28. Rc1 Bc5+ 29. Bxc5 Rxc5 30. Rxc2 f6 31. Nf3 a5 32. Kf2 Kf7 33. Ke3
h6 34. b3 g5 35. fxg5 hxg5 36. g4 Kg6 37. Nd4 Re5+ 38. Kd3 f5 39. gxf5+ exf5
40. c5 Red5 41. Rc4 Kf6 42. c6 Ke5 43. c7 Rc8 44. Kc3 Kd6 45. a4 f4 46. Nb5+
Kd7 47. Re4 f3 48. Re1 g4 49. Rf1 Rh8 50. Rf2 Re8 51. Nd4 Kxc7 52. Kc4 Rh5 0-1

[Event "DVM U20 2014"]
[Site "Naumburg (Saale) GER"]
[Date "2014.12.27"]
[Round "2"]
[White "Merker, Konstantin"]
[Black "Großmann, Dominic"]
[Result "1-0"]
[Termination "normal"]
[Board "7.4"]
[WhiteElo "1663"]
[BlackElo "1904"]
[WhiteTeam "TuS Coswig"]
[BlackTeam "Meuselwitzer SV"]
[PlyCount "59"]
[WhiteFideId "12964239"]
[BlackFideId "12950017"]
[EventCountry "GER"]
[EventRounds "7"]
[EventType "team-swiss"]
[EventDate "2014.12.26"]

1. d4 Nf6 2. c4 d5 3. Nc3 e6 4. Nf3 c5 5. cxd5 Nxd5 6. e4 Nxc3 7. bxc3 a6 8.
Bd3 cxd4 9. cxd4 Bb4+ 10. Bd2 Bxd2+ 11. Qxd2 O-O 12. O-O Nc6 13. d5 exd5 14.
exd5 Ne7 15. d6 Nf5 16. Bxf5 Bxf5 17. Rac1 Qb6 18. h3 Rad8 19. Rfd1 Rfe8 20.
Rc4 Re6 21. Rd4 Qb5 22. Rd5 Re2 23. Qg5 Qb6 24. Rxf5 Qxf2+ 25. Kh2 g6 26. Qxd8+
Kg7 27. Qf6+ Kh6 28. Qg5+ Kg7 29. d7 h6 30. Qf6+ 1-0

[Event "DVM U20 2014"]
[Site "Naumburg (Saale) GER"]
[Date "2014.12.27"]
[Round "2"]
[White "Uhlig, Jessica"]
[Black "Pührer, Anne"]
[Result "0-1"]
[Termination "normal"]
[Board "7.5"]
[WhiteElo "1276"]
[BlackElo "1729"]
[WhiteTeam "Meuselwitzer SV"]
[BlackTeam "TuS Coswig"]
[PlyCount "46"]
[WhiteFideId "16200446"]
[BlackFideId "24692247"]
[EventCountry "GER"]
[EventRounds "7"]
[EventType "team-swiss"]
[EventDate "2014.12.26"]

1. c4 Nf6 2. Nc3 d5 3. cxd5 Nxd5 4. Nf3 g6 5. g3 Bg7 6. Bg2 Nxc3 7. bxc3 O-O 8.
O-O c5 9. Bb2 Nc6 10. Rb1 Bf5 11. d3 Qc7 12. Qd2 Rad8 13. Rfe1 c4 14. e4 Rxd3
15. Qc2 Bg4 16. Nd2 Ne5 17. h3 Rfd8 18. Nf1 Nf3+ 19. Bxf3 Bxf3 20. Re3 Bh6 21.
Rxd3 cxd3 22. Qa4 Qd7 23. Qb3 Qxh3 0-1

[Event "DVM U20 2014"]
[Site "Naumburg (Saale) GER"]
[Date "2014.12.27"]
[Round "2"]
[White "Zschuppe, Ludwig"]
[Black "Kremser, Luise"]
[Result "1/2-1/2"]
[Termination "normal"]
[Board "7.6"]
[WhiteElo "1663"]
[BlackElo "1175"]
[WhiteTeam "TuS Coswig"]
[BlackTeam "Meuselwitzer SV"]
[PlyCount "84"]
[WhiteFideId "12985260"]
[BlackFideId "16200454"]
[EventCountry "GER"]
[EventRounds "7"]
[EventType "team-swiss"]
[EventDate "2014.12.26"]

1. e4 e5 2. Nf3 Nc6 3. Bc4 Nf6 4. d3 Bc5 5. Nc3 d6 6. h3 h6 7. O-O O-O 8. Be3
Nd4 9. Bxd4 exd4 10. Ne2 Bb6 11. Nexd4 c5 12. Ne2 Bc7 13. Nf4 b6 14. c3 Re8 15.
Qb3 Re7 16. Ng6 Re6 17. Nf4 Re7 18. Ng6 Re6 19. Nf4 Re7 20. Rfe1 Qe8 21. Qc2
Bb7 22. Qb3 Bc8 23. Nd5 Nxd5 24. Bxd5 Rb8 25. Rad1 Bd7 26. Qc2 Be6 27. Qb3 Bd7
28. Qc2 Ba4 29. Bb3 Bd7 30. Bd5 Bc6 31. Bxc6 Qxc6 32. Qb1 Rbe8 33. Qc1 d5 34.
exd5 Qxd5 35. Rxe7 Rxe7 36. c4 Qd6 37. d4 Rd7 38. d5 Re7 39. Re1 Bd8 40. Rxe7
Bxe7 41. b3 Kf8 42. Qe3 Qd8 1/2-1/2

[Event "DVM U20 2014"]
[Site "Naumburg (Saale) GER"]
[Date "2014.12.27"]
[Round "2"]
[White "Heinrich, Julius Tobias"]
[Black "Cech, Tim"]
[Result "1-0"]
[Termination "normal"]
[Board "8.2"]
[WhiteElo "1989"]
[BlackElo "1803"]
[WhiteTeam "SV Merseburg"]
[BlackTeam "USV Potsdam"]
[PlyCount "90"]
[WhiteFideId "12913847"]
[BlackFideId "1270258"]
[EventCountry "GER"]
[EventRounds "7"]
[EventType "team-swiss"]
[EventDate "2014.12.26"]

1. e4 e6 2. d4 d5 3. e5 c5 4. c3 Nc6 5. Nf3 Qb6 6. a3 c4 7. Nbd2 Na5 8. g3 Be7
9. h4 Bd7 10. Bh3 f6 11. exf6 Nxf6 12. Qe2 O-O-O 13. O-O Rde8 14. Ne5 Bd8 15.
Ndf3 h6 16. Ng6 Rhg8 17. Bf4 Nc6 18. Nfe5 Nxe5 19. Bxe5 Bc7 20. f4 Ne4 21. Kh2
Kb8 22. Rf3 Rd8 23. Bxc7+ Kxc7 24. f5 exf5 25. Ne7 Qd6 26. Nxg8 Rxg8 27. Rg1 g5
28. Bxf5 Bxf5 29. Rxf5 gxh4 30. Qf3 Nxg3 31. Qf4 Nxf5 32. Qxd6+ Kxd6 33. Rxg8
Ne3 34. Re8 Nf5 35. Kh3 a5 36. Kg4 Ne7 37. Rh8 b5 38. Rxh6+ Kc7 39. Re6 Nc6 40.
Kxh4 b4 41. axb4 axb4 42. Kg5 bxc3 43. bxc3 Na7 44. Re7+ Kb6 45. Rxa7 Kxa7 1-0

[Event "DVM U20 2014"]
[Site "Naumburg (Saale) GER"]
[Date "2014.12.27"]
[Round "2"]
[White "Werthmann, Nils"]
[Black "Feuerherdt, Martin"]
[Result "1-0"]
[Termination "normal"]
[Board "8.3"]
[WhiteElo "1794"]
[BlackElo "1805"]
[WhiteTeam "USV Potsdam"]
[BlackTeam "SV Merseburg"]
[PlyCount "57"]
[WhiteFideId "1270257"]
[BlackFideId "12910341"]
[EventCountry "GER"]
[EventRounds "7"]
[EventType "team-swiss"]
[EventDate "2014.12.26"]

1. e4 e5 2. Nf3 Nc6 3. Bc4 Bc5 4. d3 Nf6 5. c3 d6 6. Nbd2 O-O 7. Bb3 Bg4 8. h3
Bh5 9. Nf1 d5 10. exd5 Nxd5 11. Ng3 Bg6 12. O-O Re8 13. Ne4 Bxe4 14. dxe4 Nf6
15. Qe2 h6 16. Nh4 Ne7 17. Qc4 Bb6 18. Qxf7+ Kh8 19. Bxh6 Rg8 20. Qxe7 gxh6 21.
Qxe5 Rg5 22. Qf4 Nh5 23. Qf7 Qd6 24. e5 Qd3 25. Qe6 Kh7 26. Rad1 Qg3 27. Rd7+
Ng7 28. Bc2+ Kh8 29. Qxh6+ 1-0

[Event "DVM U20 2014"]
[Site "Naumburg (Saale) GER"]
[Date "2014.12.27"]
[Round "2"]
[White "Hoffmann, Dustin"]
[Black "Ender, Paul Marius"]
[Result "1-0"]
[Termination "normal"]
[Board "8.4"]
[WhiteElo "1896"]
[BlackElo "1555"]
[WhiteTeam "SV Merseburg"]
[BlackTeam "USV Potsdam"]
[PlyCount "57"]
[WhiteFideId "1270566"]
[BlackFideId "12936545"]
[EventCountry "GER"]
[EventRounds "7"]
[EventType "team-swiss"]
[EventDate "2014.12.26"]

1. e4 e5 2. Bc4 Nf6 3. d3 Nc6 4. Nf3 Be7 5. c3 d6 6. Nbd2 O-O 7. Bb3 Bg4 8. h3
Bh5 9. g4 Bg6 10. Nf1 Qd7 11. Ng3 d5 12. g5 Ne8 13. Bxd5 Bd6 14. h4 Kh8 15. h5
Bxh5 16. Rxh5 g6 17. Rh4 f6 18. Qe2 fxg5 19. Bxg5 Nf6 20. Bxf6+ Rxf6 21. Ng5
Raf8 22. Rxh7+ Qxh7 23. Nxh7 Kxh7 24. O-O-O Rxf2 25. Rh1+ Kg7 26. Qg4 Rh8 27.
Rxh8 Kxh8 28. Qxg6 Ne7 29. Qh6# 1-0